Female Marvel Heroes #4 - Statistics

General Stats
  • This quiz has been taken 27 times
  • The average score is 10 of 16
Answer Stats
Picture Answer % Correct
Spider-Girl
96%
Captain Carter
78%
Shuri
78%
Patsy Walker
74%
Yellow Jacket
70%
Firestar
65%
Jocasta
61%
Stepford Cuckoos
57%
Stinger
57%
Dust
52%
Moondragon
52%
Wolfsbane
52%
Marrow
48%
Mirage
48%
Elsa Bloodstone
43%
Silhouette
26%
No matching quizzes found
Score Distribution
Percent of People with Each Score
Percentile by Number Answered
Your Score History
You have not taken this quiz